Cultural nationalism of the interwar period: Latvian visual art and folklore
| Titel: | Cultural nationalism of the interwar period: Latvian visual art and folklore / Toms Ķencis |
|---|---|
| Verfasser: | |
| In: |
Nations and nationalism, Band 26, Heft 1 (2020), Seite 155-175 alle Artikel anzeigen |
| Veröffentlicht: | 2020 |
| Format: | Aufsatz |
| Sprache: | Englisch |
X
alg: 53022768 001A $03025:03-06-25 001B $03025:03-06-25 $t08:49:48.000 001D $03025:03-06-25 001U $0utf8 001X $00 002@ $0Oou 002C $aText $btxt $2rdacontent 002D $aComputermedien $bc $2rdamedia 002E $aOnline-Ressource $bcr $2rdacarrier 003@ $0530227681 009Q $uhttps://doi.org/10.1111/nana.12573 $xVolltext 010@ $aeng 010E $erda 011@ $a2020 021A $aCultural nationalism of the interwar period: Latvian visual art and folklore $hToms Ķencis 028A $BVerfasser $4aut $8Ķencis, Toms$Z1980- [Tp3] $9458967165 031A $d26 $e1 $h155-175 $j2020 039B $aEnthalten in $8--Obvc--. Nations and nationalism. - Oxford : Wiley-Blackwell, 1995-. - Online-Ressource. - ISSN 1469-8129. - DOI 10.1111/(ISSN)1469-8129 $x202000000260001845 $9084522844 044K $#Cīrulis, Ajsis $713776586X $8Cīrulis, Ansis$Z1883-1942 [Tp1] $9210658347 044K $71031940863 $8Bīne, Jēkabs$Z1895-1955 [Tp1] $9318583372 044K $RKlāvs, Palmēnu $#Strunke, N. $7139045317 $8Strunke, Niklāvs$Z1894-1966 [Tp1] $921513057X 044K $RLettische Sozialistische Sowjetrepublik $RLettische Sozialistische Sowjetrepublik $#Lettland $#Lettland $#Lettland $#Latvija $#Latvijas Republika $#Lettische Republik $#République de Lettonie $#Republik Lettland $#Latwija $#Latvijas Republikas Tautas $#Republic of Latvia $#Latvijskaja Respublika $#Latvia $#Lettonie $#Łotwa $74074187-4 $8Lettland [Tg1] $9085208876 044K $RKünste $RKunstwerk $#Art $#Art $#Arte $#Arte $#arts $#Art $#Bildende Kunst $#Kunst $#Bildende Kunst $#Kunstdenkmal Kunst $74114333-4 $8Kunst [Tsz] $9085341703 044K $RNationalbewegung $RNationalbewusstsein $RPatriotismus $#Nationalism $#Nationalisme $#Nacionalismo $#Nationalismus $#Nationalismus $#Nationalismus $#Pannationalismus $74041300-7 $8Nationalismus [Ts1] $9085113069 044K $RKunst $RNaive Kunst $#Folk art $#Art populaire $#Arte popolare $#Arte popular $#Volkskunst $#Volkskunst $#Bäuerliche Kunst $#Bauernkunst $#Arte plebea $74063851-0 $8Volkskunst [Ts1] $9085179000 045F $a306.0947960904 $eDDC23BSB 045F/01 $a306.09 045F/03 $f0904 045F/03 $g4796 045R $aGeschichte 1918-1939 lok: 53022768 78 exp: 53022768 78 1 #EPN 201B/01 $003-06-25 $t08:32:59.000 201C/01 $003-06-25 201U/01 $0utf8 203@/01 $01305088190 208@/01 $a03-06-25 $be 209A/01 $a/ $f000 $x00 209A/01 $ab*p $x01 220C/01 $apgar 244Z/01 $#Lettland $#Lettland $#Lettland $#Latvija $#Latvijas Republika $#Lettische Republik $#République de Lettonie $#Republik Lettland $#Latwija $#Latvijas Republikas Tautas $#Republic of Latvia $#Latvijskaja Respublika $#Latvia $#Lettonie $#Łotwa $74074187-4 $8--Tg1--Lettland $x09 $9085208876 247C/01 $82080>Marburg/Lahn, Herder-Institut, Forschungsbibliothek, Bibliographieportal $9336309341
| LEADER | 00000naa a2200000 c 4500 | ||
|---|---|---|---|
| 001 | 530227681 | ||
| 003 | DE-603 | ||
| 005 | 20250603084948.0 | ||
| 007 | cr|||||||||||| | ||
| 008 | 250603s2020 xx |||| o| u00||u|eng c | ||
| 035 | |a (DE-599)HEB530227681 | ||
| 040 | |a DE-603 |b ger |c DE-603 |d DE-603 |e rda | ||
| 041 | |a eng | ||
| 082 | 0 | 4 | |8 1\u |a 306.0947960904 |q DE-101 |2 23/BSB |
| 085 | |8 1\u |b 306.09 | ||
| 085 | |8 1\u |z 1 |s 0904 | ||
| 085 | |8 1\u |z 2 |s 4796 | ||
| 100 | 1 | |a Ķencis, Toms |d 1980- |e Verfasser |4 aut |0 (DE-603)458967165 |0 (DE-588)1204294658 |2 gnd | |
| 245 | 0 | 0 | |a Cultural nationalism of the interwar period: Latvian visual art and folklore |c Toms Ķencis |
| 264 | 0 | |c 2020 | |
| 336 | |a Text |b txt |2 rdacontent | ||
| 337 | |a Computermedien |b c |2 rdamedia | ||
| 338 | |a Online-Ressource |b cr |2 rdacarrier | ||
| 600 | 1 | 7 | |a Cīrulis, Ansis |d 1883-1942 |0 (DE-588)13776586X |0 (DE-603)210658347 |2 gnd |
| 600 | 1 | 7 | |a Bīne, Jēkabs |d 1895-1955 |0 (DE-588)1031940863 |0 (DE-603)318583372 |2 gnd |
| 600 | 1 | 7 | |a Strunke, Niklāvs |d 1894-1966 |0 (DE-588)139045317 |0 (DE-603)21513057X |2 gnd |
| 648 | 7 | |a Geschichte 1918-1939 |2 gnd | |
| 650 | 7 | |a Kunst |0 (DE-588)4114333-4 |0 (DE-603)085341703 |2 gnd | |
| 650 | 7 | |a Nationalismus |0 (DE-588)4041300-7 |0 (DE-603)085113069 |2 gnd | |
| 650 | 7 | |a Volkskunst |0 (DE-588)4063851-0 |0 (DE-603)085179000 |2 gnd | |
| 651 | 7 | |a Lettland |0 (DE-588)4074187-4 |0 (DE-603)085208876 |2 gnd | |
| 773 | 0 | 8 | |i Enthalten in |t Nations and nationalism |d Oxford : Wiley-Blackwell, 1995- |h Online-Ressource |o 10.1111/(ISSN)1469-8129 |x 1469-8129 |g Band 26, Heft 1 (2020), Seite 155-175 |w (DE-603)084522844 |w (DE-600)1500007-2 |
| 856 | |u https://doi.org/10.1111/nana.12573 | ||
| 924 | 1 | |9 2080 |a (DE-603)1305088190 |b DE-2080 |c HES |d d |g / | |


